000 01457nam0a2200409 4500
001 RU\NLR\bibl\95118
005 20250617081245.0
010 _a5-87447-036-0
_93000
021 _aRU
_b2000-6543
_9324
035 _a(NLR Aleph) 000092959
090 _a522187
_c522187
100 _a20000630d1998 |||y0rusy50 ca
101 0 _arus
_aeng
102 _aRU
105 _ay |||||||||
200 1 _aНа пороге обновления
_dOn the threshold of renewal
_e(Венок сонетов)
_fЛюдмила Серостанова
_zeng
210 _aМ.
_cКудесники
_d1998
215 _a[31] с.
_d15
300 _aАвт. также на англ. яз.: Lyudmila Serostanova
300 _aТекст парал. на рус. и англ. яз.
510 1 _6z77790
_aOn the threshold of renewal
_zeng
686 _aШ6(2=Р)75-53
686 _aШ6(2=Р)77англ.
686 _aШ6(4Вл)62-57
700 1 _aСеростанова
_bЛ. Г.
_gЛюдмила Григорьевна
_4070
702 1 _aМэй
_bУ.
_gУолтер
_4730
790 1 _6z77510
_aSerostanova
_bL. G.
_gLjudmila Grigor'evna
_4070
801 0 _aRU
_bNLR
_c20000630
_gPSBO
801 1 _aRU
_bNLR
_c20000630
830 _aАвт. раскрыт по кн.
852 _aNLR
_j2000-1/168
942 _cBOOK
980 _aNB